000 00384nam a2200121Ia 4500
008 250110s9999 xx 000 0 und d
041 _aeng
100 _aBhawsar Tanishq
_9184195
245 _aLandscape Policy Framework For Ratnasagar Lake Ujjain , India
260 _bBNCA M Arch Landscape Architecture, Pune
_c2022
300 _a29p
700 _aGuide Name:Khatavkar Anupama
_9210967
999 _c364613
_d364613